Từ lịch sử trong tiểu thuyết Lều Chõng của Ngô Tất Tố

Đã lưu trong:
书目详细资料
主要作者: Vũ Thị Hiền
其他作者: Bùi Trọng Ngoãn TS (hướng dẫn)
格式: 图书
语言:Vietnamese
出版: Đà Nẵng Trường Đại học Sư phạm 2012
主题:
标签: 添加标签
没有标签, 成为第一个标记此记录!
Thư viện lưu trữ: Mạng thư viện Đại học Đà Nẵng
LEADER 01130nam a2200301 4500
001 000017655
003 14077
005 20130510080515.0
008 130510s2012 viesd
041 |a vie 
082 1 4 |a 895.922332  |b VU-H 
100 1 |a Vũ Thị Hiền 
245 1 0 |a Từ lịch sử trong tiểu thuyết Lều Chõng của Ngô Tất Tố  |c Vũ Thị Hiền ; Hướng dẫn Bùi Trọng Ngoãn  |k Báo cáo khoa học 
260 |a Đà Nẵng  |b Trường Đại học Sư phạm  |c 2012 
300 |a 32 tr.  |c 30 cm. 
500 |a Công trình tham gia hội nghị sinh viên nghiên cứu khoa học Trường Đại học Sư phạm năm 2012. Khoa Ngữ Văn 
650 0 4 |a Tiểu thuyết  |v Báo cáo khoa học  |x Lều chõng  |y Ngô Tất Tô  |z Đà nẵng 
653 |a Nghiên cứu khoa học 
700 1 |a Bùi Trọng Ngoãn  |c TS  |e hướng dẫn 
OWN |a LSP 
999 |a From the UDN01 
TYP |a Mixed Materials 
TYP |a Monograph 
TYP |a Printed language 
980 |a Mạng thư viện Đại học Đà Nẵng